000 00645nam a2200241 i 4500
001 C2-0295425
003 PPAK
005 20180728031014.0
008 090329s2005 enka|||| ||||| | eng d
020 _a0141015101
040 _aPPAK
_beng
_cPPAK
_erda
082 0 4 _a153
_223
090 0 0 _a153
_bEDE
_dG
100 1 _aEdelman, Gerald M.,
_eauthor
245 1 0 _aWider than the sky
264 1 _aLondon :
_bPenguin Books ,
_c2005
300 _axiii, 201 pages :
_billustrations ;
_c22 cm
336 _2rdacontent
_atext
337 _2rdamedia
_aunmediated
338 _2rdacarrier
_avolume
650 1 0 _aBrain - Physiology
942 _ddc
_cB
999 _c99968
_d99968